El desembarco de Normandía : el Día D /

Como es sabido, el desembarco de los Aliados en las playas de Normandía puso fin a la Segunda Guerra Mundial. Aunque, evidentemente, fue precedido de una planeación muy cuidadosa, los Aliados no estaban seguros de tener éxito, tanto que Eisenhower preparó un discurso para reconocer el fracaso de la...

Descripción completa

Guardado en:
Detalles Bibliográficos
Autor principal: Gilbert, Martin (autor)
Formato: Libro
Idioma:Español
Publicado: Barcelona, España : Paidós, 2005, c2005
Colección:(Paidós Historia Contemporánea ; 31)
Temas:
Etiquetas: Agrega una etiqueta
Sin etiquetas, Sé el primero en etiquetar este registro!

MARC

LEADER 00000nam^a2200000^a^4500
001 000181479
005 20250521000000.0
009 20260310101932.847
020 |a 84-493-1741-X 
037 |a Acervo ITESO - Biblioteca 
041 |a ESP 
082 |a 940. 54214  |b GIL 
100 |a Gilbert, Martin  |e (autor) 
245 1 3 |a El desembarco de Normandía :  |b el Día D /  |c M. Gilbert ; tr. por Marta Pino Moreno. 
264 4 |a Barcelona, España :  |b Paidós,  |c 2005, c2005 
300 |a 212 p. 
336 |a texto  |b txt  |2 rdacontenido 
337 |a sin mediación  |b n  |2 rdamedio 
338 |a volumen  |b nc  |2 rdasoporte 
440 1 |a (Paidós Historia Contemporánea ;  |v 31) 
500 |a Traducción de: D-Day 
520 |a Como es sabido, el desembarco de los Aliados en las playas de Normandía puso fin a la Segunda Guerra Mundial. Aunque, evidentemente, fue precedido de una planeación muy cuidadosa, los Aliados no estaban seguros de tener éxito, tanto que Eisenhower preparó un discurso para reconocer el fracaso de la empresa, mientras que Churchill preveía ser despertado con un informe de gran cantidad de víctimas. No fue así y la operación supuso la derrota alemana, hechos que se reconstruyen en el libro. 
649 |a XX 
650 |a Desembarco de los Aliados -  |x Tema Principal 
650 |a Guerra Mundial (Segunda), 1939-1945 -  |x Historia -  |x Tema Principal 
650 |a Guerra Mundial (Segunda), 1939-1945 -  |x Historia -  |x Campañas 
650 |a Normandía, Francia -  |x Historia -  |y Ocupación Alemana, 1940-1944 
650 |a Francia -  |x Historia -  |y Ocupación Alemana, 1940-1944 
650 |a Europa -  |x Historia -  |y 1939-1945 
910 |a Fondo General 
920 |a Impresos - Libros 
930 |a Colección General 
905 |a 101 
901 |a 0500121099  |b IT1  |c ACC  |u 20250521 
902 |a https://opac.biblio.iteso.mx/vufind/Record/000181479